Statistiques concernant Pourcentage d'étrangers parmi les détenus

Cliquez ici pour prendre le quiz!

Statistiques générales

  • Ce quiz a été pris 83 fois
  • Le résultat moyen est 9 sur 20

Statistiques - réponses

Pourcentage d'étrangers parmi les détenusPays% Correct
96,4 %Monaco
71%
73,3 %Qatar
63%
76,7 %Andorre
61%
87,8 %Émirats arabes unis
58%
73 %Luxembourg
58%
72 %Arabie saoudite
57%
38,9 %Israël
57%
87,5 %Liechtenstein
57%
100 %Saint-Marin
55%
72 %Suisse
51%
44,3 %Belgique
50%
34,2 %Italie
50%
54,3 %Grèce
41%
40,2 %Malte
38%
38,2 %Chypre
36%
36 %Liban
36%
54,2 %Autriche
34%
38,8 %Estonie
22%
66,7 %Gambie
3%
31,6 %Botswana
0%

Distribution des résultats

Percentile par nombre de réponses

% des personnes avec chaque résultat

Votre développement - résultats

Vous n’avez pas pris ce quiz